[Event "ICS rated standard match"]
[Site "207.99.83.229"]
[Date "1999.06.04"]
[Round "?"]
[White "JudgeTurpin"]
[Black "Hossa"]
[Result "1-0"]
[WhiteElo "2383"]
[BlackElo "2172"]
[PlyCount "106"]

1. g3 e5 2. c4 Bc5 3. Nf3 e4 4. d4 Bb4+ 5. Bd2 Be7 6. Ng1 Nf6 7. Nc3 Nc6 8. d5
Ne5 9. Qa4 Bc5 10. Bg2 e3 11. fxe3 Neg4 12. Nd1 Qe7 13. h3 Qd6 14. hxg4 Qxg3+
15. Kf1 O-O 16. Qc2 Qxg4 17. b4 Bd6 18. Nf2 Qg6 19. Qxg6 fxg6 20. Nf3 Re8 21.
Rb1 Bg3 22. Nd3 Ne4 23. Bc1 a5 24. b5 Rf8 25. Rb3 a4 26. Rb4 b6 27. Rb2 a3 28.
Rb3 Ra4 29. c5 bxc5 30. Rxa3 Rc4 31. Ra7 Nf2 32. Ba3 Nxh1 33. Bxh1 Bd6 34. e4
Rxe4 35. Bxc5 Bxc5 36. Nxc5 Rb4 37. Rxc7 d6 38. Ne6 Bxe6 39. dxe6 Rxb5 40. Bg2
Ra5 41. Kf2 Rxa2 42. e7 Rb8 43. Bh3 Raa8 44. Be6+ Kh8 45. Bd5 g5 46. Bxa8 Rxa8
47. Rd7 Rg8 48. Rxd6 g4 49. Rd8 g6 50. Rxg8+ Kxg8 51. e8=Q+ Kg7 52. Qe7+ Kg8
53. Ng5 53... g3+ {Hossa resigns} 1-0

[Event "ICS rated bullet match"]
[Site "207.99.83.229"]
[Date "1999.06.05"]
[Round "?"]
[White "lhg"]
[Black "Hossa"]
[Result "0-1"]
[WhiteElo "2221"]
[BlackElo "2417"]
[PlyCount "126"]

1. e4 Nc6 2. Nf3 Nf6 3. e5 Ne4 4. d4 d5 5. exd6 Qxd6 6. Bd3 Bf5 7. c3 O-O-O 8.
O-O Bg6 9. Be3 e6 10. Bxe4 Bxe4 11. Nbd2 Bd3 12. Re1 Qd5 13. b4 Qf5 14. a4 Rg8
15. b5 Ne7 16. c4 Ng6 17. c5 Bc2 18. Qc1 Rd5 19. Nc4 Be4 20. Ncd2 Bc2 21. Ra2
Bd3 22. Ra3 f6 23. Qc3 Bc2 24. Rc1 Be4 25. b6 Kb8 26. bxc7+ Kxc7 27. a5 Bxf3
28. Nxf3 a6 29. Rb3 Kc8 30. Rcb1 e5 31. Rxb7 Kd8 32. Rb8+ Ke7 33. R1b7+ Rd7 34.
c6 Rxb7 35. cxb7 Qb1+ 36. Qc1 Qxc1+ 37. Bxc1 Kf7 38. Rc8 Bd6 39. dxe5 Nxe5 40.
Nxe5+ Bxe5 41. Be3 g6 42. Ba7 Rg7 43. b8=Q Bxb8 44. Rxb8 Rg8 45. Bb6 Rxb8 46.
f4 Re8 47. Kf2 h5 48. h4 Ke6 49. g3 Kd5 50. Kf3 f5 51. g4 fxg4+ 52. Kg3 Rc8 53.
Ba7 Ke4 54. Kf2 Kxf4 55. Kg2 g5 56. Kf1 gxh4 57. Kg2 h3+ 58. Kh2 Kf3 59. Kh1
Rc1+ 60. Bg1 Kf4 61. Kh2 g3+ 62. Kxh3 Rxg1 63. Kh4 63... Rh1# {lhg checkmated}
0-1

[Event "ICS rated bullet match"]
[Site "207.99.83.229"]
[Date "1999.06.05"]
[Round "?"]
[White "Hossa"]
[Black "Lapinounou"]
[Result "1-0"]
[WhiteElo "2425"]
[BlackElo "2211"]
[PlyCount "35"]

1. d4 e6 2. c4 Nf6 3. Nc3 Bb4 4. e3 d5 5. Nf3 O-O 6. Bd2 c5 7. dxc5 Bxc5 8. Bd3
Nc6 9. O-O e5 10. cxd5 Nxd5 11. Qc2 Nxc3 12. Bxh7+ Kh8 13. Bxc3 g6 14. Bxg6
fxg6 15. Nxe5 Nxe5 16. Bxe5+ Kh7 17. Qxc5 Qg5 18. Qc7+ {Lapinounou resigns} 1-0

[Event "ICS rated bullet match"]
[Site "207.99.83.229"]
[Date "1999.06.05"]
[Round "?"]
[White "lhg"]
[Black "Hossa"]
[Result "0-1"]
[WhiteElo "2190"]
[BlackElo "2432"]
[PlyCount "78"]

1. e4 Nc6 2. Nf3 Nf6 3. e5 Ne4 4. d4 d5 5. exd6 Qxd6 6. Bd3 Bf5 7. c3 O-O-O 8.
O-O Bg6 9. Be3 e6 10. Nbd2 Nxc3 11. bxc3 Bxd3 12. Re1 Qd5 13. c4 Bxc4 14. Nxc4
Qxc4 15. Rc1 Qxa2 16. Rxc6 bxc6 17. Ne5 f6 18. Qf3 fxe5 19. Qxc6 exd4 20. Qa8+
Kd7 21. Qf3 dxe3 22. Rd1+ Ke7 23. Rxd8 Qxf2+ 24. Qxf2 exf2+ 25. Kxf2 Kxd8 26.
Kf3 Bd6 27. Ke4 Bxh2 28. g4 g5 29. Kd4 h5 30. Ke4 hxg4 31. Ke3 Rf8 32. Ke2 g3
33. Ke3 Kd7 34. Ke4 g2 35. Kd4 g1=Q+ 36. Ke4 Rf4+ 37. Kd3 Qg3+ 38. Ke2 Rf2+ 39.
Kd1 39... Qg1# {lhg checkmated} 0-1

[Event "ICS rated blitz match"]
[Site "207.99.83.229"]
[Date "1999.06.05"]
[Round "?"]
[White "sergor"]
[Black "Hossa"]
[Result "0-1"]
[WhiteElo "2335"]
[BlackElo "2625"]
[PlyCount "40"]

1. d4 Nf6 2. c4 g6 3. Nc3 Bg7 4. e4 d6 5. f3 O-O 6. Be3 e5 7. Nge2 c6 8. Qd2
Nbd7 9. Nc1 exd4 10. Bxd4 Re8 11. Be2 Nb6 12. O-O Be6 13. b4 c5 14. bxc5 dxc5
15. Be3 Qxd2 16. Bxd2 Nxc4 17. Bxc4 Bxc4 18. Rd1 Rad8 19. N1e2 Nxe4 20. fxe4
20... Bxe2 {sergor resigns} 0-1

[Event "ICS rated bullet match"]
[Site "207.99.83.229"]
[Date "1999.06.05"]
[Round "?"]
[White "Hossa"]
[Black "SluMan"]
[Result "1/2-1/2"]
[WhiteElo "2438"]
[BlackElo "2124"]
[PlyCount "99"]

1. d4 d5 2. c4 e6 3. Nc3 Nf6 4. Bg5 Be7 5. e3 dxc4 6. Nf3 O-O 7. Bxc4 c5 8.
dxc5 Bxc5 9. Qxd8 Rxd8 10. Bxf6 gxf6 11. O-O Nc6 12. Rad1 Bd7 13. Ne4 Be7 14.
Nd6 Bxd6 15. Rxd6 Kf8 16. Rfd1 Ke7 17. R6d2 Be8 18. Bd3 f5 19. Ng5 h6 20. Nf3
Nb4 21. Bc4 Rxd2 22. Rxd2 Rd8 23. Rxd8 Kxd8 24. a3 Nc6 25. b4 a6 26. h4 Ke7 27.
b5 axb5 28. Bxb5 Nd8 29. Bxe8 Kxe8 30. Nd4 Ke7 31. h5 Nc6 32. Nxc6+ bxc6 33.
Kf1 Kd6 34. f3 Kc5 35. Ke2 Kc4 36. a4 Kb4 37. f4 Kxa4 38. Kd3 Kb3 39. Kd4 c5+
40. Kxc5 Kc3 41. Kd6 Kd3 42. Ke7 Kxe3 43. Kxf7 Kxf4 44. Kxe6 Kg4 45. Ke5 f4 46.
Ke4 Kg3 47. Ke5 Kg4 48. Ke4 Kg3 49. Ke5 Kg4 50. Ke4 {Game drawn by repetition}
1/2-1/2

[Event "ICS rated blitz match"]
[Site "207.99.83.229"]
[Date "1999.06.05"]
[Round "?"]
[White "Hossa"]
[Black "Pop-eye"]
[Result "1-0"]
[WhiteElo "2630"]
[BlackElo "2364"]
[PlyCount "39"]

1. d4 Nf6 2. c4 d6 3. Nf3 Nbd7 4. Nc3 e5 5. e4 Be7 6. Be2 O-O 7. O-O c6 8. Be3
a6 9. Qd3 b5 10. cxb5 cxb5 11. Rac1 Bb7 12. dxe5 Nxe5 13. Qd4 Qb8 14. Bf4 Nxf3+
15. Bxf3 Rd8 16. Rc2 Qa7 17. Qxa7 Rxa7 18. Rfc1 Kf8 19. Be3 Raa8 20. e5 {
Pop-eye resigns} 1-0

[Event "ICS rated blitz match"]
[Site "207.99.83.229"]
[Date "1999.06.05"]
[Round "?"]
[White "Pop-eye"]
[Black "Hossa"]
[Result "0-1"]
[WhiteElo "2354"]
[BlackElo "2636"]
[PlyCount "67"]

1. d4 Nf6 2. Nc3 d5 3. Bg5 e6 4. e4 dxe4 5. Nxe4 Be7 6. Bxf6 Bxf6 7. Nf3 Be7 8.
Qd2 O-O 9. O-O-O Nc6 10. Bc4 Bd7 11. h4 Bb4 12. c3 Bd6 13. Nxd6 cxd6 14. Qf4
Qc7 15. Bd3 f6 16. Kb1 Rfd8 17. h5 h6 18. Qe4 f5 19. Qe3 Ne7 20. g3 Nd5 21. Qe2
Rac8 22. Rc1 Qc6 23. Nd2 b5 24. f4 a5 25. Rhe1 a4 26. a3 Rc7 27. Nf1 Rdc8 28.
Ne3 Nxe3 29. Qxe3 Qd5 30. Rg1 Kh8 31. Be2 Bc6 32. Rgd1 Qb3 33. Ka1 Bd5 34. c4 {
Pop-eye resigns} 0-1

[Event "ICS rated bullet match"]
[Site "207.99.83.229"]
[Date "1999.06.05"]
[Round "?"]
[White "FytinFrank"]
[Black "Hossa"]
[Result "0-1"]
[WhiteElo "2216"]
[BlackElo "2427"]
[PlyCount "112"]

1. e4 Nc6 2. Nc3 Nf6 3. g3 e5 4. Bg2 Bb4 5. Nge2 O-O 6. O-O Ng4 7. h3 Nf6 8. a3
Bc5 9. d3 d6 10. d4 Nxd4 11. Na4 Nxe2+ 12. Qxe2 Bd4 13. c3 Bb6 14. Nxb6 axb6
15. f4 Qe7 16. fxe5 Qxe5 17. Bf4 Qh5 18. Qc4 Bxh3 19. Qxc7 Bxg2 20. Kxg2 Qb5
21. b4 Qe2+ 22. Rf2 Qxe4+ 23. Rf3 Rfc8 24. Qxd6 Qe2+ 25. Rf2 Qxf2+ 26. Kxf2
Ne4+ 27. Ke3 Nxd6 28. Bxd6 Rxc3+ 29. Kd4 Raxa3 30. Re1 h5 31. Re8+ Kh7 32. Re7
Rd3+ 33. Ke5 Re3+ 34. Kd5 Rxe7 35. Bxe7 Rxg3 36. Kd6 Re3 37. Bf8 Re8 38. Be7
Rxe7 39. Kxe7 Kh6 40. Kd6 h4 41. Kc7 h3 42. Kxb6 h2 43. Kxb7 h1=Q+ 44. Ka6 Qc6+
45. Ka5 g5 46. b5 Qxb5+ 47. Kxb5 g4 48. Kc4 g3 49. Kd3 g2 50. Ke2 g1=Q 51. Kd3
Qc5 52. Ke4 Kg5 53. Kf3 Qe5 54. Kf2 Kf4 55. Kg2 Qe1 56. Kh3 56... Qh1# {
FytinFrank checkmated} 0-1

[Event "ICS rated bullet match"]
[Site "207.99.83.229"]
[Date "1999.06.05"]
[Round "?"]
[White "Hossa"]
[Black "MissSilicon"]
[Result "1-0"]
[WhiteElo "2446"]
[BlackElo "2557"]
[PlyCount "171"]

1. d4 f5 2. g3 e6 3. Bg2 d6 4. Nf3 Nf6 5. O-O Be7 6. Bf4 Nd5 7. Bd2 Nc6 8. c4
Nb6 9. Bc3 O-O 10. d5 exd5 11. cxd5 Ne5 12. Nxe5 dxe5 13. Bxe5 Bc5 14. Qb3 Re8
15. d6+ Kf8 16. dxc7 Qe7 17. Bf4 g5 18. Be3 Bxe3 19. Qxe3 Qxc7 20. Qd4 Qe5 21.
Qxe5 Rxe5 22. Nc3 Re7 23. Rfd1 Be6 24. Rd4 Rae8 25. Nb5 Rd7 26. e3 Ree7 27.
Nxa7 Rxd4 28. exd4 Rd7 29. Nb5 Bc4 30. Nc3 Rxd4 31. Bxb7 h5 32. Kg2 Rd7 33. Bc6
Rd6 34. Bb5 Bxb5 35. Nxb5 Rd2 36. b3 Nd7 37. a3 Ne5 38. h3 Nd3 39. Rf1 Ke7 40.
Nd4 Kf6 41. Nc6 Ra2 42. a4 Rb2 43. Na5 Nc5 44. h4 gxh4 45. gxh4 Nxb3 46. Nxb3
Rxb3 47. Ra1 f4 48. a5 f3+ 49. Kg3 Rb7 50. a6 Ra7 51. Kxf3 Ke5 52. Ra5+ Kd4 53.
Kf4 Kc4 54. Rxh5 Rxa6 55. Ke4 Rd6 56. f4 Rd4+ 57. Kf5 Rd5+ 58. Kg6 Rd6+ 59. Kf7
Rd7+ 60. Ke6 Rd3 61. f5 Re3+ 62. Kf7 Re5 63. Kg6 Kd4 64. f6 Re6 65. Rg5 Ke4 66.
Rg1 Kf3 67. h5 Kf2 68. Rg5 Ke3 69. Re5+ Rxe5 70. f7 Re6+ 71. Kg7 Re4 72. f8=Q
Rg4+ 73. Kh6 Ke4 74. Qb4+ Kf5 75. Qxg4+ Kxg4 76. Kg6 Kf4 77. h6 Ke5 78. h7 Ke4
79. h8=Q Kd5 80. Qc3 Ke4 81. Qd2 Ke5 82. Qd3 Ke6 83. Qd4 Ke7 84. Qd5 Ke8 85.
Kf6 Kf8 86. Qd8# {MissSilicon checkmated} 1-0

[Event "ICS rated bullet match"]
[Site "207.99.83.229"]
[Date "1999.06.05"]
[Round "?"]
[White "PhrozenCrew"]
[Black "Hossa"]
[Result "0-1"]
[WhiteElo "2314"]
[BlackElo "2456"]
[PlyCount "80"]

1. g3 d5 2. Nf3 c6 3. Bg2 Bg4 4. O-O Nd7 5. d4 Ngf6 6. Nbd2 Qb6 7. Nb3 Bxf3 8.
Bxf3 e5 9. dxe5 Nxe5 10. Bg2 Be7 11. Bf4 Nc4 12. Qc1 O-O 13. Rd1 Ng4 14. Rd4
Bf6 15. c3 Bxd4 16. cxd4 f5 17. Qc3 Rae8 18. Re1 a5 19. Qc2 a4 20. Nc5 Nxb2 21.
Rb1 a3 22. h3 Nf6 23. e3 Qb4 24. Bd6 Rf7 25. Nxb7 Qc4 26. Qxc4 Nxc4 27. Bf4 Ne4
28. Bxe4 fxe4 29. Nd6 Nxd6 30. Bxd6 Ra7 31. Rb3 Rea8 32. Kg2 Kf7 33. f3 h5 34.
Rb8 Rxb8 35. Bxb8 Rb7 36. fxe4 Rxb8 37. exd5 Rb2+ 38. Kf3 cxd5 39. g4 Rxa2 40.
gxh5 40... Rb2 {PhrozenCrew resigns} 0-1

[Event "ICS rated bullet match"]
[Site "207.99.83.229"]
[Date "1999.06.05"]
[Round "?"]
[White "Hossa"]
[Black "egghead"]
[Result "0-1"]
[WhiteElo "2466"]
[BlackElo "2522"]
[PlyCount "49"]

1. d4 Nf6 2. c4 c5 3. d5 b5 4. Nf3 g6 5. cxb5 a6 6. b6 a5 7. Qb3 Bb7 8. e4 Nxe4
9. Nc3 Nf6 10. Be3 d6 11. Bg5 Nfd7 12. Bb5 h6 13. Bh4 Bg7 14. O-O g5 15. Bg3 f5
16. Rae1 f4 17. Ne4 O-O 18. Bc6 Ra6 19. Nxd6 exd6 20. Nxg5 hxg5 21. Bxf4 Rxb6
22. Bxg5 Qxg5 23. Qh3 Nxc6 24. dxc6 Bxc6 25. b3 {Hossa resigns} 0-1

[Event "ICS rated blitz match"]
[Site "207.99.83.229"]
[Date "1999.06.05"]
[Round "?"]
[White "iccjunkie"]
[Black "Hossa"]
[Result "0-1"]
[WhiteElo "2517"]
[BlackElo "2649"]
[PlyCount "76"]

1. d3 e5 2. e4 Nc6 3. Nf3 Nf6 4. Nbd2 d5 5. Be2 Be7 6. O-O O-O 7. c3 Be6 8. Re1
Qd6 9. Bf1 Rad8 10. Qc2 dxe4 11. Nxe4 Nxe4 12. dxe4 f5 13. Ng5 fxe4 14. Nxe6
Qxe6 15. Qxe4 Qf5 16. Qxf5 Rxf5 17. Be3 e4 18. Rad1 Bd6 19. Bc4+ Kh8 20. Bd5
Rxd5 21. Rxd5 Bxh2+ 22. Kxh2 Rxd5 23. Bf4 g5 24. Bxc7 Rd2 25. Rxe4 Rxb2 26. f4
Rxa2 27. fxg5 Kg7 28. Re6 Ra4 29. Kh3 Ra3 30. Be5+ Nxe5 31. Rxe5 Rxc3+ 32. Kg4
Rc7 33. Kh5 b6 34. Re6 Rd7 35. g4 Rd1 36. g6 Rh1+ 37. Kg5 h6+ 38. Kf5 38...
Rf1+ {iccjunkie resigns} 0-1

[Event "ICS rated blitz match"]
[Site "207.99.83.229"]
[Date "1999.06.05"]
[Round "?"]
[White "Hossa"]
[Black "iccjunkie"]
[Result "0-1"]
[WhiteElo "2659"]
[BlackElo "2504"]
[PlyCount "115"]

1. d4 d5 2. c4 e6 3. Nc3 Be7 4. Nf3 Nf6 5. Bg5 c6 6. cxd5 cxd5 7. Rc1 Nc6 8. e3
O-O 9. Bb5 Bd7 10. O-O Rc8 11. Bxc6 Bxc6 12. Ne5 Qb6 13. Rc2 h6 14. Bxf6 Bxf6
15. Nxc6 Rxc6 16. Qh5 Rfc8 17. Rfc1 Qa5 18. Qe2 Be7 19. e4 dxe4 20. Qxe4 Bb4
21. Qe5 Bxc3 22. bxc3 Qxe5 23. dxe5 g5 24. g3 Rc4 25. Rb2 b6 26. Rb3 R8c5 27.
Ra3 Rc7 28. Rb3 Kg7 29. f3 Kg6 30. Kf2 Kf5 31. Re1 Rxc3 32. g4+ Kg6 33. Rxc3
Rxc3 34. Re2 Ra3 35. Rb2 h5 36. gxh5+ Kxh5 37. Kg3 g4 38. Rb3 Rxb3 39. axb3
gxf3 40. Kxf3 Kg5 41. Ke3 a5 42. Kd4 Kf5 43. h4 b5 44. Kc5 a4 45. bxa4 bxa4 46.
Kd4 a3 47. Kc3 Kxe5 48. h5 Kf5 49. h6 Kg6 50. h7 Kxh7 51. Kb3 f5 52. Kb4 f4 53.
Kc5 f3 54. Kb6 f2 55. Kb7 f1=Q 56. Kc6 Qc4+ 57. Kb6 e5 58. Ka7 {Hossa resigns}
0-1

[Event "ICS rated blitz match"]
[Site "207.99.83.229"]
[Date "1999.06.05"]
[Round "?"]
[White "VESta"]
[Black "Hossa"]
[Result "0-1"]
[WhiteElo "2394"]
[BlackElo "2636"]
[PlyCount "64"]

1. d4 Nf6 2. c4 e6 3. Nf3 Be7 4. Nc3 O-O 5. e4 d5 6. cxd5 exd5 7. e5 Ne4 8. Bd3
Bf5 9. O-O Nc6 10. Re1 Bb4 11. Qc2 Bg4 12. Bxe4 dxe4 13. Qxe4 Bxf3 14. Qxf3
Qxd4 15. Be3 Qxe5 16. Bf4 Qf5 17. Bxc7 Qxf3 18. gxf3 Rac8 19. Bg3 Nd4 20. Red1
Nxf3+ 21. Kg2 Bxc3 22. bxc3 Rxc3 23. Rd7 f5 24. Rb1 b6 25. Bd6 Rf6 26. Rd1 Rg6+
27. Bg3 Ra3 28. Rc1 h5 29. Rc8+ Kh7 30. Rd5 h4 31. Rxf5 hxg3 32. hxg3 32...
Nh4+ {VESta resigns} 0-1

[Event "ICS rated bullet match"]
[Site "207.99.83.229"]
[Date "1999.06.05"]
[Round "?"]
[White "Randori"]
[Black "Hossa"]
[Result "0-1"]
[WhiteElo "2315"]
[BlackElo "2453"]
[PlyCount "88"]

1. f3 Nc6 2. f4 Nf6 3. Nf3 e6 4. g3 d5 5. Bg2 Bd6 6. d3 O-O 7. O-O Bd7 8. Nc3
d4 9. e4 dxc3 10. e5 Bc5+ 11. d4 Nxd4 12. Nxd4 Bb5 13. Kh1 Bxf1 14. Qxf1 Bxd4
15. bxc3 Bxc3 16. Rb1 Nd5 17. Ba3 Re8 18. Bc5 b6 19. Bg1 f6 20. Qf3 fxe5 21. f5
Rf8 22. f6 Rxf6 23. Qe4 Qd6 24. Rb3 Raf8 25. h4 c6 26. Rb1 Re8 27. Rd1 Bd4 28.
Kh2 Bxg1+ 29. Kxg1 Qc5+ 30. Kh2 Rc8 31. Re1 Nc3 32. Qxe5 Qxe5 33. Rxe5 Nxa2 34.
h5 a5 35. g4 Nc3 36. Re3 Nd5 37. Rd3 Rf2 38. Re3 Nxe3 39. Kg3 Rxg2+ 40. Kf3
Nxc2 41. Ke4 Rxg4+ 42. Ke5 Rd8 43. h6 Rd5+ 44. Kxe6 44... Re4# {
Randori checkmated} 0-1

[Event "ICS rated bullet match"]
[Site "207.99.83.229"]
[Date "1999.06.05"]
[Round "?"]
[White "Hossa"]
[Black "Randori"]
[Result "1-0"]
[WhiteElo "2463"]
[BlackElo "2289"]
[PlyCount "60"]

1. d4 c6 2. e4 b6 3. Nf3 Ba6 4. Bxa6 Nxa6 5. O-O Nc7 6. Nc3 d5 7. Ne5 Qd6 8.
exd5 Nxd5 9. Ne4 Qc7 10. c4 Ndf6 11. Ng5 Nh6 12. Qa4 Rc8 13. Bf4 b5 14. cxb5
Nd5 15. Ngxf7 Nxf4 16. Nxh8 e6 17. Nxc6 Bd6 18. Nxa7 Ra8 19. b6+ Qd7 20. Qb5
Rxa7 21. bxa7 Qxb5 22. a8=Q+ Ke7 23. Rab1 Ne2+ 24. Kh1 Qh5 25. h3 Ng4 26. Qa7+
Kf6 27. Qa6 Bf4 28. Qxe2 Nxf2+ 29. Rxf2 Qxe2 30. Rxe2 30... Bd6 {
Randori resigns} 1-0

[Event "ICS rated bullet match"]
[Site "207.99.83.229"]
[Date "1999.06.05"]
[Round "?"]
[White "JSBach"]
[Black "Hossa"]
[Result "0-1"]
[WhiteElo "2064"]
[BlackElo "2472"]
[PlyCount "88"]

1. d4 Nf6 2. Nf3 g6 3. Qd3 Bg7 4. Nc3 Nc6 5. Bg5 O-O 6. e4 d5 7. Bxf6 Nb4 8.
Qd2 exf6 9. Bb5 Bg4 10. exd5 Bxf3 11. gxf3 a6 12. Bd3 Re8+ 13. Be2 Nxd5 14. Ne4
f5 15. Nc5 Qe7 16. Nb3 Nf4 17. Nc1 Bxd4 18. c3 Be5 19. Qc2 Bg7 20. Rg1 Qh4 21.
Rh1 Rad8 22. Qb3 Rxe2+ 23. Nxe2 Nd3+ 24. Kd1 Nc5+ 25. Ke1 Nxb3 26. axb3 Qh3 27.
f4 Qf3 28. Ng3 Re8+ 29. Kf1 Re2 30. Nxe2 Qxh1+ 31. Ng1 Qxh2 32. Ra4 Bf6 33. Rc4
Bh4 34. Ke2 Qxg1 35. Rxc7 Qxf2+ 36. Kd3 Qxf4 37. Rc8+ Kg7 38. Re8 Qc1 39. Kc4
Qf1+ 40. Kd4 Bf2+ 41. Ke5 Qd3 42. Rg8+ Kxg8 43. b4 Bg3+ 44. Kf6 44... Qd8# {
JSBach checkmated} 0-1

[Event "ICS rated standard match"]
[Site "207.99.83.229"]
[Date "1999.06.05"]
[Round "?"]
[White "Hossa"]
[Black "Data"]
[Result "0-1"]
[WhiteElo "2165"]
[BlackElo "2490"]
[Annotator "Fritz 5.32 (22s)"]
[PlyCount "144"]

1. d4 1... d5 {Opening = D35 - 3.Nc3 Nf6(4.cd5 ed5 5.Bg5 c6 6.---)} 2. c4 c6 3.
Nf3 Nf6 4. Nc3 e6 5. cxd5 exd5 6. Qc2 Na6 7. e3 $146 (7. Bg5 Be7 (7... Nb4 8.
Qd2 Bf5 9. Rc1 Be7 10. a3 Na6 11. Bxf6 Bxf6 12. e3 Nc7 13. Be2 O-O 14. Na4 Ne8
15. O-O Nd6 16. Bd3 Be4 17. Ne1 Re8 18. Nc5 Qe7 19. Nc2 Rad8 20. b4 h5 21. a4
h4 22. h3 {Gauglitz,G-Paehtz,T/DDR-ch 1989/1-0 (52)}) 8. e3 Nb4 9. Qd1 Bf5 10.
Rc1 a5 11. a3 Na6 12. Bd3 Ne4 13. Bxe7 Qxe7 14. Qc2 O-O 15. O-O Rfe8 16. Nd2
Nc7 17. Rfe1 Bg6 18. Ncxe4 dxe4 19. Bf1 Ne6 20. Qc3 h5 21. Nc4 h4 22. h3 Bf5
23. Nb6 Rad8 24. Qxa5 Qg5 25. Kh1 Qg6 26. Red1 Qf6 27. d5 Ng5 28. Qc3 Qg6 29.
dxc6 Rxd1 30. Rxd1 bxc6 31. Nc4 Re6 32. Ne5 Qf6 33. Nd7 Qg6 34. Qa5 Re8 35. Ne5
Qf6 36. Nc4 Bxh3 37. gxh3 Qf3+ 38. Kg1 Nxh3+ 39. Bxh3 Qxd1+ 40. Kh2 Qe2 41. b3
41... Qxf2+ {
Duer Werner-Opl Klaus/Staatsliga, Traun (Austria) (1) 1993/0-1 (57)}) (7. a3
Nc7 8. Bg5 Ne6 9. Bh4 Be7 10. e3 O-O 11. Bd3 g6 12. O-O Ng7 13. b4 a6 14. Bxf6
Bxf6 15. a4 Bg4 16. Nd2 Be7 17. b5 a5 18. bxc6 bxc6 19. Rfc1 Bd7 20. Bf1 Nf5
21. Nf3 21... Bd6 {Yanvarjov I-Kozirev A/It-open, Budapest 1989/ - (39)}) 7...
Nb4 8. Qb1 g6 9. Bd3 Nxd3+ 10. Qxd3 Bg7 11. O-O Qe7 12. Qe2 O-O 13. Ne5 c5 14.
b3 cxd4 15. exd4 Qb4 16. Qe3 Re8 17. Bb2 Bf5 18. Rfe1 Rad8 19. Qf4 Nh5 20. Qd2
f6 21. Nf3 Qd6 22. Rac1 22... a6 {Staerkt b5} 23. Rxe8+ Rxe8 24. Re1 24... Bd7
$11 (24... Rxe1+ 25. Qxe1 Nf4 26. Bc1 $11) 25. Rxe8+ Bxe8 26. Qe1 (26. Bc1
26... Bd7 $11) 26... Bd7 27. Qe3 Nf4 28. Bc1 Ne6 29. Bb2 b6 30. Kh1 Nc7 31. Kg1
Bg4 32. Ne1 Bf5 33. Nd3 Ne6 34. a3 Qd7 35. Nb4 Nc7 36. Qf3 Be6 37. Nd3 Bg4 38.
Qg3 Bf5 39. h4 a5 40. Qf3 Be6 41. Qg3 Bf7 42. a4 Qe7 43. Bc1 Qd7 44. Bb2 Qc6
45. Qf3 Bh6 46. Qe2 Ne6 47. Nb5 Bf8 48. Kh1 Nc7 49. Nc3 Qd7 50. Qf3 Bg7 51. Qg3
Kh8 52. Kg1 Ne8 53. Nf4 $15 (53. Ba3 Qc6 54. Nf4 54... Nc7 $11) 53... Bf8 54.
Qf3 Qf5 55. Nfxd5 $17 (55. g4 Qc2 56. Qe2 Qxe2 57. Nfxe2 57... Kg7 $11) 55...
Qc2 56. Nxf6 Nxf6 57. Qxf6+ Kg8 58. Qd8 (58. Qe5 Qxb2 59. Nd5 Qb1+ (59... Qxb3
$6 60. Nf6+ Kh8 61. Ne8+ Kg8 62. Nf6+ Kg7 63. Nd7+ Kg8 64. Nf6+ $11) 60. Kh2
Qf5 (60... Qxb3 $6 61. Nf6+ Kh8 62. Ne8+ Kg8 63. Nf6+ Kg7 64. Nd7+ Kg8 65. Nf6+
$11) 61. Nf6+ 61... Kh8 $19) 58... Qxb2 59. Nd5 Qd2 60. Nxb6 Qe1+ 61. Kh2 Bxb3
62. h5 (62. f4 62... Qe4 $19) 62... Qxf2 63. hxg6 hxg6 64. d5 (64. Nd7 Bxa4 65.
Nxf8 Qxf8 66. Qxa5 Qf4+ 67. Kg1 Qxd4+ 68. Kf1 68... Bc6 $19) 64... Qf4+ 65. g3
(65. Kh1 $19 {bietet noch letzte Rettungschancen}) 65... Qf2+ 66. Kh3 66... Bc2
{Mit der Mattdrohung Bf5} 67. Nd7 Bf5+ 68. g4 Qf3+ 69. Kh2 Qf4+ 70. Kg2 70...
Be4+ $1 {ein unangenehmes Schach} 71. Kh3 Qf3+ 72. Kh2 (72. Kh4 {
macht keinen grossen Unterschied} 72... Qf2+ 73. Kg5 Qd2+ 74. Kh4 Qh2+ 75. Kg5
Qh6+ 76. Kf6 Qf4+ 77. Ke6 Qd6#) 72... Qg2# 0-1

[Event "ICS rated blitz match"]
[Site "207.99.83.229"]
[Date "1999.06.05"]
[Round "?"]
[White "Hossa"]
[Black "NacireddinHodja"]
[Result "1-0"]
[WhiteElo "2657"]
[BlackElo "2489"]
[PlyCount "87"]

1. d4 c5 2. d5 e5 3. e4 d6 4. Bb5+ Nd7 5. Nf3 a6 6. Bc4 b5 7. Bd3 Be7 8. a4 c4
9. Be2 Bb7 10. O-O h6 11. axb5 axb5 12. Rxa8 Qxa8 13. Nc3 Ba6 14. b3 b4 15. Na2
cxb3 16. cxb3 Bxe2 17. Qxe2 Qb7 18. Qc4 Ngf6 19. Be3 O-O 20. Nxb4 Bd8 21. Nc6
Bb6 22. Qb4 Qc7 23. Rc1 Bc5 24. Bxc5 dxc5 25. Qe1 Qd6 26. Ra1 Nb8 27. Na5 Nfd7
28. Nc4 Qc7 29. Qb1 f6 30. Nh4 Nb6 31. Ng6 Rd8 32. Nxb6 Qxb6 33. Qd3 Kf7 34.
Nh4 Nd7 35. Nf5 Rb8 36. Qg3 g6 37. Nxh6+ Kg7 38. Nf5+ Kf7 39. Nh4 g5 40. Qh3
Nf8 41. Nf5 Qxb3 42. Ra7+ Ke8 43. Ng7+ Kd8 44. Ne6+ {NacireddinHodja resigns}
1-0

[Event "ICS rated blitz match"]
[Site "207.99.83.229"]
[Date "1999.06.05"]
[Round "?"]
[White "inmortal"]
[Black "Hossa"]
[Result "1-0"]
[WhiteElo "2510"]
[BlackElo "2666"]
[PlyCount "70"]

1. e4 Nc6 2. d4 d5 3. e5 Bf5 4. Nf3 a6 5. Be3 f6 6. Bd3 Bxd3 7. Qxd3 fxe5 8.
dxe5 e6 9. O-O Qd7 10. Nbd2 O-O-O 11. c3 Be7 12. b4 Rf8 13. a4 Nb8 14. Nb3 g5
15. b5 g4 16. Nfd4 c5 17. bxc6 Nxc6 18. Nxc6 Qxc6 19. Nd4 Qd7 20. c4 Bh4 21.
Rfc1 Kb8 22. c5 Qf7 23. Ra2 h5 24. c6 Qh7 25. Qb3 Re8 26. c7+ Kc8 27. Rb2 b5
28. axb5 a5 29. b6 Kd7 30. b7 Bxf2+ 31. Bxf2 Ke7 32. c8=Q Rxc8 33. bxc8=Q Kf7
34. Qxe6+ Kf8 35. Qb8+ 35... Kg7 {Hossa resigns} 1-0

[Event "ICS rated standard match"]
[Site "207.99.83.229"]
[Date "1999.06.05"]
[Round "?"]
[White "EA6PZ"]
[Black "Hossa"]
[Result "0-1"]
[WhiteElo "2361"]
[BlackElo "2161"]
[PlyCount "113"]

1. d4 Nf6 2. c4 e6 3. Nf3 Be7 4. Nc3 O-O 5. e4 d5 6. e5 Ne4 7. Bd3 Nxc3 8. bxc3
dxc4 9. Bxc4 Nd7 10. Qc2 c5 11. O-O cxd4 12. cxd4 Kh8 13. Bd3 f5 14. Bd2 Nb6
15. Be2 Qd5 16. Qb3 Qe4 17. Bd3 Qg4 18. Rfc1 Nd5 19. h3 Qg6 20. Bc4 Rd8 21.
Rab1 b6 22. Bxd5 Rxd5 23. Rc7 Bd7 24. Rbc1 Bd8 25. R7c2 Qe8 26. Qa3 Ba4 27. Rb2
b5 28. Qc3 Bb6 29. Rbb1 Qf7 30. Qc6 Re8 31. Bc3 f4 32. Bd2 Bxd4 33. Bxf4 Bb6
34. Bg3 h6 35. Bh4 Rf8 36. Kh1 Kg8 37. Bg3 Rd7 38. Bh4 Qe8 39. Qe4 Rd5 40. Qb4
Qd7 41. Qe7 Qxe7 42. Bxe7 Rf4 43. Kg1 Rc4 44. Bd6 Bc2 45. Rb4 Bd3 46. Rbxc4
bxc4 47. Nd2 Rd4 48. g3 Be2 49. Bb4 Rd8 50. Kg2 Bd4 51. h4 Rb8 52. a3 Rd8 53.
f4 Be3 54. Rc2 Bd3 55. Ra2 h5 56. Kf3 Bg1 57. g4 {EA6PZ resigns} 0-1

[Event "ICS Rated standard match"]
[Site "207.99.83.229"]
[Date "1999.06.05"]
[Round "?"]
[White "Hossa"]
[Black "Amateur"]
[Result "0-1"]
[WhiteElo "2185"]
[BlackElo "2461"]
[PlyCount "135"]

1. d4 Nf6 2. c4 e6 3. Nf3 b6 4. a3 c5 5. d5 d6 6. Nc3 Be7 7. e4 exd5 8. cxd5
O-O 9. Be2 Bg4 10. O-O Nbd7 11. Qd3 Re8 12. Bf4 Nf8 13. Qe3 Ng6 14. Bb5 Bd7 15.
Bxd7 Qxd7 16. Rae1 Nxf4 17. Qxf4 Nh5 18. Qe3 Bf6 19. Nd2 Rab8 20. Qf3 Re5 21.
Nc4 Rg5 22. a4 Bxc3 23. bxc3 g6 24. e5 Qg4 25. Qxg4 Rxg4 26. Ne3 Rxa4 27. Ra1
Rxa1 28. Rxa1 Rb7 29. exd6 Nf6 30. f3 Rd7 31. Ra6 Kg7 32. h4 Rxd6 33. c4 Rd7
34. g3 Ne8 35. Ra3 Nd6 36. Kf2 Re7 37. Ra2 f5 38. Rc2 Kf6 39. g4 fxg4 40. Nxg4+
Kf5 41. Ne3+ Ke5 42. Re2 Re8 43. Nc2+ Kf4 44. Ne3 a5 45. Ng2+ Kf5 46. Ne3+ Ke5
47. Nc2+ Kf4 48. Ne3 a4 49. Ng2+ Kf5 50. Rxe8 Nxe8 51. Ne3+ Ke5 52. Nc2 Nd6 53.
Na3 Kd4 54. h5 gxh5 55. f4 h4 56. f5 Nxf5 57. Kg2 Kc3 58. Kf3 Kb3 59. Nb5 Kxc4
60. Kf4 Kxb5 61. Kxf5 h3 62. d6 Kc6 63. Ke6 h2 64. d7 h1=Q 65. d8=N+ Kc7 66.
Nf7 a3 67. Ke7 a2 68. Ng5 {Hossa resigns} 0-1